The archaic language of bonds can be hazardous (Record no. 60231)

MARC details
000 -LEADER
fixed length control field 01042cam a2200265 4500
001 - CONTROL NUMBER
control field ABS61309
008 - FIXED-LENGTH DATA ELEMENTS--GENERAL INFORMATION
fixed length control field 000000n1999 000 0 eng u
035 ## - SYSTEM CONTROL NUMBER
System control number (Sirsi) u100774
100 ## - MAIN ENTRY--PERSONAL NAME
Personal name Winter, J.
245 #4 - TITLE STATEMENT
Title The archaic language of bonds can be hazardous
260 ## - PUBLICATION, DISTRIBUTION, ETC.
Date of publication, distribution, etc. 1999
490 ## - SERIES STATEMENT
Series statement Construction News
Volume/sequential designation (6634) 23 September 1999, 21(1)
520 ## - SUMMARY, ETC.
Summary, etc. Advises that care and attention is taken both in drafting performance bonds and in making claims under them. Uses case law to illustrate that failure to do so might prove costly.
590 ## - LOCAL NOTE (RLIN)
Local note ABS
650 ## - SUBJECT ADDED ENTRY--TOPICAL TERM
Topical term or geographic name entry element PERFORMANCE BONDS
650 ## - SUBJECT ADDED ENTRY--TOPICAL TERM
Topical term or geographic name entry element DRAFTING
650 ## - SUBJECT ADDED ENTRY--TOPICAL TERM
Topical term or geographic name entry element PAYMENT
650 ## - SUBJECT ADDED ENTRY--TOPICAL TERM
Topical term or geographic name entry element PADDINGTON CHURCHES HOUSING ASSOCIATION V TECHNICAL AND GENERAL GUARANTEE
650 ## - SUBJECT ADDED ENTRY--TOPICAL TERM
Topical term or geographic name entry element DE VERE HOTELS LTD V AEGON INSURANCE CO (UK) LTD
650 ## - SUBJECT ADDED ENTRY--TOPICAL TERM
Topical term or geographic name entry element TOWER HOUSING ASSOCIATION V TECHNICAL AND GENERAL GUARANTEE
650 ## - SUBJECT ADDED ENTRY--TOPICAL TERM
Topical term or geographic name entry element PERAR BV V GENERAL SURETY AND GUARANTEE COMPANY
650 ## - SUBJECT ADDED ENTRY--TOPICAL TERM
Topical term or geographic name entry element BUILT ENVIRONMENT-BUILDING CONTRACT FORMS
690 ## - LOCAL SUBJECT ADDED ENTRY--TOPICAL TERM (OCLC, RLIN)
Topical term or geographic name as entry element BUILT ENVIRONMENT
942 ## - ADDED ENTRY ELEMENTS (KOHA)
Suppress in OPAC 0
Holdings
Withdrawn status Lost status Source of classification or shelving scheme Damaged status Not for loan Home library Current library Shelving location Date acquired Total Checkouts Full call number Barcode Date last seen Copy number Price effective from Koha item type
    Dewey Decimal Classification     London London Journal article 26/10/1999   ABS61309 100774-1001 06/08/2019 1 06/08/2019 Journal article